Word Ladder: Basic Impression of Auto Racing Quiz Stats

Quiz Updated Sep 7, 2016

Challenge
Share
Tweet
Embed
Score 0/14 Timer 01:30
1 Play Today
Clue 4-Letter Word % Correct
2006 Pixar film or freeway inhabitants🚗 CARS 🚗
97%
The early morning as the sun risesDAWN
95.5%
Neil Young song: '___ by the River'DOWN
95.2%
A formal, full-length dress or a woman's nightwearGOWN
93.9%
To advise someone away from dangerWARN
91.4%
To mend socksDARN
90.5%
A fish or to complainCARP
89.3%
Clue 4-Letter Word % Correct
Travel through space and time quicklyWARP
87.8%
Place of the back-of-the-pack finisherLAST
87%
Moving rapidly and with speed🚗 FAST 🚗
84.7%
Coffee with hot milk added: CafĂŠ au ___LAIT
83.5%
To profit or acquire an advantage from somethingGAIN
83.3%
1978 Jack Nicholson movie, '___ South'🚗 GOIN' 🚗
83.3%
A pace or style of walkingGAIT
81.1%

Today's Daily Dose

Missing Word
The Killers Songs

Word Ladder
1967 Film

Quick Pick
Flag Names

On This Day
February 24th II

You're not logged in!

Compare scores with friends on all Sporcle quizzes.
Sign Up with Email
OR
Log In

You Might Also Like...

Show Comments

Extras

Top Quizzes Today


Score Distribution

Your Account Isn't Verified!

In order to create a playlist on Sporcle, you need to verify the email address you used during registration. Go to your Sporcle Settings to finish the process.